000 00413nam a22001697a 4500
005 20160628145118.0
008 160628b xxu||||| |||| 00| 0 eng d
020 _a978-93-5014-151-9
041 _aeng
082 _b11495
100 _aGautam, Dr. A.K.
_93088
245 _aMicrowave and Radar Engineering
260 _bKatson Books
_c2012
300 _a474
650 _aDiploma Engineering
_9817
942 _cBK
999 _c4482
_d4481